000 01235cam a2200385 a 4500
001 22795
003 SK-KTurca
005 20260428071941.0
008 240314s2011 xr j 010 f slo
015 _aSNBZSA2014-002203
020 _a9788074471278
_q(viaz.)
035 _aC543AA64-99D2-4AB9-8154-C752F633689F
035 _aurn:nbn:sk:snk-amkbct
035 _aurn:nbn:sk:snk-am003qoo
040 _aPPPK
_bslo
_cPPPK
_dSNK
_eAACR2
041 1 _aslo
_heng
044 _axr
_cCZ
072 7 _a821.111-3
_xAnglická próza, anglicky písaná
_2konspekt
080 _a821.111-31
_22001
080 _a821-93
_22001
100 1 _aWebb, Holly,
_d1976-
_4aut
240 1 0 _aRose
_lSlovensky
245 1 0 _aRose
_cHolly Webbová ; [z anglického originálu preložila Marta Zajacová]
250 _a1. slov. vyd.
260 _aPraha
_bCooBoo
_c2011
300 _a263 s.
_c21 cm
500 _aVydalo nakladavateľstvo CooBoo v spoločnosti Albatros Media a. s.
500 _aPrvý diel série Rose
655 7 _aanglické romány
_2SNKPH
655 7 _apublikácie pre deti
_2SNKPH
655 7 _aEnglish fiction
_2SNKPHeng
655 7 _aChildren's literature
_2SNKPHeng
700 1 _aZajacová, Marta
_4trl
942 _2ddc
_cKLDE
_n0
999 _c22795
_d22795